Evaluación de las herramientas implementadas en la toma de decisiones de la gestión de los recursos humanos en las Cooperativas de Ahorros y Credito de la provincia Sánchez Ramírez / Marleni Beatriz Trejo, Melida Amparo Díaz y Mariela de Jesús Lantigua. Asesora: Licda. Esmely Celesta Ureña (Registro nro. 11929)

Detalles MARC
000 -LEADER
fixed length control field 00715nam a22001691a 4500
001 - CONTROL NUMBER
control field 11929
003 - CONTROL NUMBER IDENTIFIER
control field OSt
005 - DATE AND TIME OF LATEST TRANSACTION
control field 20260204212302.0
008 - FIXED-LENGTH DATA ELEMENTS--GENERAL INFORMATION
fixed length control field 140917s2013||||dr ||||||b||||||||||spa||
090 ## - LOCALLY ASSIGNED LC-TYPE CALL NUMBER (OCLC); LOCAL CALL NUMBER (RLIN)
Classification number (OCLC) (R) ; Classification number, CALL (RLIN) (NR) AT-2013-015
100 ## - ASIENTO PRINCIPAL -- NOMBRE PERSONAL
Personal name Trejo, Marleni Beatriz
245 ## - TÍTULO PROPIAMENTE DICHO: SUBTÍTULO
Title Evaluación de las herramientas implementadas en la toma de decisiones de la gestión de los recursos humanos en las Cooperativas de Ahorros y Credito de la provincia Sánchez Ramírez / Marleni Beatriz Trejo, Melida Amparo Díaz y Mariela de Jesús Lantigua. Asesora: Licda. Esmely Celesta Ureña
264 ## - PRODUCTION, PUBLICATION, DISTRIBUTION, MANUFACTURE, AND COPYRIGHT NOTICE
Place of production, publication, distribution, manufacture Santo Domingo : El Autor
502 ## - THESIS NOTE
Dissertation note Tesis (Administración de Empresas)
650 ## - ASIENTO SECUNDARIO DE MATERIA -- TERMINO TOPICO
Asiento secundario de materia Administración de EmpresasÌ
942 ## - ADDED ENTRY ELEMENTS (KOHA)
Source of classification or shelving scheme Dewey Decimal Classification
Koha item type Tesis
Existencias
Withdrawn status Lost status Source of classification or shelving scheme Damaged status Not for loan Current library Date acquired Total Checkouts Full call number Barcode Date last seen Price effective from Koha item type
    Dewey Decimal Classification     Biblioteca UTECO 09/09/2019   AT-2013-015 AT-2013-015 09/09/2019 09/09/2019 Tesis
© 2021 Derechos Reservados UTECO - Teléfono: +1 809-585-2291 - Correo electrónico: biblioteca@uteco.edu.do​  
Código postal 43000 ​​
Dirección: Avenida Universitaria No. 100, 
Cotuí, Provincia Sánchez Ramírez, República Dominicana - RNC: 404-00059-6